[Event "TCh-RUS w"]
[Site "Sochi RUS"]
[Date "2004.04.22"]
[Round "3"]
[White "Sudakova,I"]
[Black "Grabuzova,T"]
[Result "1-0"]
[WhiteElo "2349"]
[BlackElo "2348"]

1.e4 e6 2.d4 d5 3.Nd2 a6 4.Ngf3 c5 5.c3 Nc6 6.Bd3 cxd4 7.Nxd4 Nf6 8.O-O Be7
9.exd5 Nxd4 10.Qa4+ b5 11.Qxd4 Qxd5 12.Qxd5 Nxd5 13.Nb3 Nf6 14.Be3 Bb7 15.Na5 Be4
16.Bxe4 Nxe4 17.Rfd1 Bc5 18.Bxc5 Nxc5 19.Rd2 Rd8 20.Rad1 Rxd2 21.Rxd2 Ke7
22.f3 Rc8 23.Kf2 Na4 24.Ke2 Rc7 25.Kd1 Nb6 26.Nb3 Nc4 27.Re2 Rd7+ 28.Kc2 Rd5
29.Nd4 Kd6 30.b3 Nb6 31.Rd2 g6 32.Ne2 e5 33.Nc1 Rxd2+ 34.Kxd2 f5 35.Nd3 a5
36.Ne1 e4 37.fxe4 fxe4 38.Nc2 Nd5 39.Nd4 b4 40.c4 e3+ 41.Kd3 Nf4+ 42.Kxe3 Nxg2+
43.Ke4 Nh4 44.Kf4 h6 45.Kg3 g5 46.Kg4 Ng2 47.Nf5+ Ke5 48.Nxh6 Ne3+ 49.Kxg5 Nxc4
50.Ng4+ Kd4 51.h4 Nb6 52.Nf6 Ke5 53.h5 Ke6 54.Kg6 Nc8 55.Ng8 Nb6 56.h6 Nd7
57.Kg7  1-0

[Event "TCh-RUS w"]
[Site "Sochi RUS"]
[Date "2004.04.23"]
[Round "4"]
[White "Meshcheriakova,E"]
[Black "Movsisian,N"]
[Result "1-0"]
[WhiteElo "2206"]
[BlackElo "2211"]

1.e4 e6 2.d4 d5 3.Nd2 Be7 4.e5 c5 5.Qg4 Kf8 6.Ndf3 Nc6 7.dxc5 Bxc5 8.Bd3 Qb6
9.Qg3 Nb4 10.Ne2 Bd7 11.O-O Bb5 12.Bxb5 Qxb5 13.Ned4 Bxd4 14.Nxd4 Qc4 15.Be3 Nc6
16.b3 Nxd4 17.bxc4 Ne2+ 18.Kh1 Nxg3+ 19.fxg3 Ne7 20.Rab1 b6 21.c5 Nf5 22.Bg1 g5
23.g4 Nh4 24.cxb6 axb6 25.Bxb6 h6 26.Bc5+ Kg8 27.Rb7 Rh7 28.Be7 Kg7 29.Bf6+ Kg6
30.g3 Nf5 31.gxf5+ exf5 32.Ra1 Rc8 33.Rb2 h5 34.h4 f4 35.gxf4 gxf4 36.a4 Kf5
37.a5 Rh6 38.a6 Rg6 39.a7 Rgg8 40.Rab1 Rc3 41.Rb3 Rxc2 42.R3b2 Rc3 43.Rg2 Ra8
44.Rg5+ Ke4 45.e6 Rc7 46.Re5+ Kd3 47.Rxd5+ Kc2 48.Rb2+ Kc1 49.Rg5 Rc2 50.Rg1+ Kd2
51.Rg2+ Kd3 52.Rgxc2 Rxa7 53.e7 Ra8 54.Rd2+ Ke3 55.e8=Q+  1-0

[Event "TCh-RUS w"]
[Site "Sochi RUS"]
[Date "2004.04.23"]
[Round "4"]
[White "Molchanova,T"]
[Black "Grabuzova,T"]
[Result "1-0"]
[WhiteElo "2305"]
[BlackElo "2348"]

1.e4 e6 2.d4 d5 3.Nd2 a6 4.Ngf3 c5 5.exd5 exd5 6.Be2 c4 7.O-O Bd6 8.b3 cxb3
9.axb3 Ne7 10.Re1 Nbc6 11.Nf1 O-O 12.Ne3 Bf4 13.c3 Re8 14.Bd3 Be6 15.Ra2 Bh6
16.Nf1 Bxc1 17.Qxc1 Bf5 18.Qb1 Bxd3 19.Qxd3 Ng6 20.Rxe8+ Qxe8 21.Re2 Qd7
22.g3 f6 23.Ne3 Kf7 24.h4 Re8 25.Kg2 Rd8 26.Qc2 b5 27.b4 a5 28.bxa5 Nxa5
29.Nd2 Nc4 30.Ndxc4 dxc4 31.Qf5 Qxf5 32.Nxf5 Rd7 33.Rb2 Ke6 34.Rxb5 Ra7 35.Rc5 Ra4
36.Nxg7+ Kf7 37.Rc7+ Kf8  1-0

[Event "4NCL"]
[Site "West Bromwich ENG"]
[Date "2004.05.01"]
[Round "7"]
[White "Bhatia,K"]
[Black "Tidman,S"]
[Result "1-0"]
[WhiteElo "2065"]
[BlackElo "2123"]

1.e4 e6 2.d4 d5 3.Nd2 Be7 4.Bd3 c5 5.c3 cxd4 6.cxd4 Nc6 7.Ngf3 Qb6 8.O-O Bd7
9.Ne5 Nf6 10.Nxd7 Nxd7 11.exd5 Nxd4 12.Nc4 Qc7 13.Qg4 Bf6 14.Bf4 e5 15.Bg3 Rc8
16.Qh5 g6 17.Qh6 Qc5 18.Rac1 Ke7 19.d6+ Kd8 20.Nxe5 Nxe5 21.Rxc5 Rxc5 22.Qf4 Nd7
23.Rc1 Bg5 24.Bh4 f6 25.Bxg5 fxg5 26.Qd2 Rd5 27.Qb4 Nb6 28.Kf1 Nc6 29.Qc3 Re8
30.Qf6+ Kc8 31.Be2 Kb8 32.Bg4 a5 33.Qf7 Rb5 34.Qc7+ Ka8 35.Bf3 Rc8  1-0

[Event "1st ACP Women Blitz"]
[Site "playchess.com INT"]
[Date "2004.05.02"]
[Round "2"]
[White "Pogonina,N"]
[Black "Matveeva,S"]
[Result "0-1"]
[WhiteElo "2393"]
[BlackElo "2496"]

1.e4 e6 2.d4 d5 3.Nd2 Be7 4.Ngf3 Nf6 5.Bd3 c5 6.dxc5 dxe4 7.Nxe4 Nxe4 8.Bxe4 Qxd1+
9.Kxd1 Bxc5 10.Ke2 Nd7 11.Be3 Bxe3 12.Kxe3 Nc5 13.Rad1 Ke7 14.Rd2 Nxe4 15.Kxe4 b6
16.Rhd1 Bb7+ 17.Ke3 Rhd8 18.g3 f6 19.h4 Rxd2 20.Rxd2 Rc8 21.Nd4 h5 22.Nb5 Rc5
23.Nd4 Re5+ 24.Kd3 g5 25.hxg5 fxg5 26.f4 gxf4 27.gxf4 Re1 28.Rh2 Rh1 29.Rxh1 Bxh1
30.Ke3 Kf6 31.Kf2 e5 32.fxe5+ Kxe5 33.Nc6+ Bxc6  0-1

[Event "1st ACP Women Blitz"]
[Site "playchess.com INT"]
[Date "2004.05.02"]
[Round "10"]
[White "Pogonina,N"]
[Black "Grabuzova,T"]
[Result "1-0"]
[WhiteElo "2393"]
[BlackElo "2348"]

1.e4 e6 2.d4 d5 3.Nd2 a6 4.Ngf3 c5 5.exd5 exd5 6.dxc5 Bxc5 7.Nb3 Ba7 8.Bd3 Nf6
9.Qe2+ Be6 10.O-O O-O 11.Be3 Bxe3 12.Qxe3 Nbd7 13.Nfd4 Re8 14.Qg5 h6 15.Qh4 Ne4
16.Qxd8 Raxd8 17.f3 Nec5 18.Nxc5 Nxc5 19.Rfe1 Nxd3 20.cxd3 Bd7 21.Kf2 Kf8
22.Rac1 Rc8 23.Rxe8+ Kxe8 24.Rxc8+ Bxc8 25.Ke3 Ke7 26.Nb3 Kd6 27.Kd4 b6 28.Nc1 Bd7
29.Ne2 Bc6 30.a3 g5 31.g3 f6 32.f4 Bd7 33.Nc3 Bc6 34.Nd1 gxf4 35.gxf4 Bd7
36.Ne3 Be6 37.f5 Bf7 38.Ng4 Bh5 39.Nxf6 Bd1 40.Nxd5 Bg4 41.Ne3 Bh5 42.h4 Bf3
43.Nc4+ Kc7 44.Ke5 Be2 45.f6 Kd8 46.Nd6 Bxd3 47.Ke6 Bc2 48.f7 Bb3+ 49.Kf6 Bxf7
50.Nxf7+  1-0

[Event "4NCL"]
[Site "West Bromwich ENG"]
[Date "2004.05.02"]
[Round "8"]
[White "McDonald,N"]
[Black "Anderton,D"]
[Result "1-0"]
[WhiteElo "2380"]
[BlackElo "2256"]

1.e4 e6 2.d4 d5 3.Nd2 Be7 4.Ngf3 Nf6 5.e5 Nfd7 6.Bd3 c5 7.c3 Nc6 8.O-O a5
9.Re1 Qb6 10.dxc5 Bxc5 11.Re2 Qc7 12.Nb3 Bb6 13.Bf4 Nc5 14.Bc2 Nxb3 15.axb3 Bd7
16.Bg3 Rc8 17.Ra4 d4 18.Rc4 Qb8 19.Ng5 Bd8 20.Ne4 Be7 21.Nd6+ Bxd6 22.exd6 b5
23.Rc5 dxc3 24.bxc3 Qb6 25.Rg5 g6 26.Re3 f6 27.Rg4 Kf7 28.Bh4 Qc5 29.Qf3 f5
30.Qf4 e5 31.Qg5 Qxd6 32.Rd3 Qe6 33.Rgg3 Rc7 34.Qd2 f4 35.Rgf3 Re8 36.h3 Kg8
37.Rd6 Qf7 38.Be4 Nb8 39.Bd5 Be6 40.Bxe6 Rxe6 41.Rxe6  1-0

[Event "4NCL"]
[Site "West Bromwich ENG"]
[Date "2004.05.02"]
[Round "8"]
[White "Sebag,M"]
[Black "Berry,N"]
[Result "1-0"]
[WhiteElo "2404"]
[BlackElo "2285"]

1.e4 e6 2.d4 d5 3.Nd2 Be7 4.Ngf3 Nf6 5.e5 Nfd7 6.Bd3 c5 7.c3 Nc6 8.O-O a5
9.Re1 cxd4 10.cxd4 g5 11.h3 h5 12.Nf1 g4 13.hxg4 hxg4 14.N3h2 Bb4 15.Re3 Qh4
16.Rg3 f5 17.exf6 Nxf6 18.Bf4 Qh5 19.Be2 Qf7 20.Be5 Nxe5 21.dxe5 Ne4 22.Nxg4 Nxg3
23.Nxg3 Bd7 24.Rc1 Rc8 25.Rxc8+ Bxc8 26.a3 Bc5 27.Qa4+ Kd8 28.Qxa5+ Qc7 29.Qd2 Qg7
30.b4 Bb6 31.a4 Rf8 32.Ne4 Qg6 33.Nef6 Qb1+ 34.Bf1 Kc7 35.a5 Ba7 36.Qc3+ Kb8
37.b5 Ka8 38.b6 Bb8 39.g3 Qd1 40.Kg2 Rh8 41.f4 d4 42.Qd3 Qa1 43.Nf2 Rd8 44.Qb5 Qc3
45.Bd3 Qc6+ 46.Qxc6 bxc6 47.a6  1-0

[Event "4NCL"]
[Site "West Bromwich ENG"]
[Date "2004.05.03"]
[Round "9"]
[White "Shaw,J"]
[Black "Williams,Si"]
[Result "1-0"]
[WhiteElo "2465"]
[BlackElo "2396"]

1.e4 e6 2.d4 d5 3.Nd2 Be7 4.c3 c5 5.Bd3 Nc6 6.dxc5 Nf6 7.Qe2 a5 8.Ngf3 O-O
9.O-O Nd7 10.exd5 exd5 11.Nb3 a4 12.Nbd4 Nxc5 13.h3 Bf6 14.Be3 Re8 15.Qc2 Ne4
16.Rad1 Bd7 17.a3 g6 18.Rfe1 Qa5 19.Qc1 Rac8 20.Bb1 Nd6 21.Ba2 Nc4 22.Nxc6 Bxc6
23.Bd4 Bxd4 24.Nxd4 Qb6 25.Bxc4 dxc4 26.Rd2 Qc5 27.Rde2 Qd5 28.f3 Rxe2 29.Rxe2 Re8
30.Rxe8+ Bxe8 31.Qe3 Kf8 32.Kf2 h5 33.Qe4 Qxe4 34.fxe4 f6 35.h4 Ke7 36.Ke3 Kd6
37.Kf4 Bc6 38.g3 g5+ 39.Kf5 gxh4 40.gxh4 Ke7 41.Nxc6+  1-0

[Event "ch-POL w"]
[Site "Warsaw POL"]
[Date "2004.05.06"]
[Round "10"]
[White "Szczepkowska,K"]
[Black "Krupa,M"]
[Result "0-1"]
[WhiteElo "2274"]
[BlackElo "2220"]

1.e4 e6 2.d4 d5 3.Nd2 a6 4.e5 c5 5.c3 Nc6 6.Ndf3 f6 7.exf6 Nxf6 8.Bd3 Bd6
9.Ne2 O-O 10.O-O e5 11.dxe5 Nxe5 12.Nxe5 Bxe5 13.f4 Bd6 14.h3 Qb6 15.Bc2 Bd7
16.Ng3 Bb5 17.Re1 Rae8 18.Bd2 Qc7 19.Qf3 Bc6 20.Rxe8 Rxe8 21.Rf1 c4 22.Qd1 Qb6+
23.Kh2 Qxb2 24.Nf5 Bc5 25.a4 Qb6 26.Qf3 Qc7 27.Nd4 Ne4 28.Nxc6 Qxc6 29.Be1 Rf8
30.a5 Bd6 31.Qg4 Bc7 32.Rf3 Nf6 33.Qg5 Bxa5 34.Bh4 Bb6 35.Rg3 Rf7 36.Qe5 Qc5
37.Qe1 Nh5 38.Rf3 Nf6 39.Bf5 Kf8 40.Be6 Re7 41.Bxf6 Rxe6 42.Be5 Kg8 43.Rf1 Bc7
44.Qh4 Bxe5 45.fxe5 Qe7 46.Qg4 h6 47.Rb1 b5 48.Rd1 Rxe5 49.Qc8+ Kh7 50.Rf1 Qe8  0-1

[Event "Capablanca Mem Premier II"]
[Site "Havana CUB"]
[Date "2004.05.11"]
[Round "6"]
[White "Zambrana,O"]
[Black "Almeida,O"]
[Result "0-1"]
[WhiteElo "2472"]
[BlackElo "2426"]

1.e4 e6 2.d4 d5 3.Nd2 Be7 4.Bd3 Nf6 5.e5 Nfd7 6.Ne2 c5 7.c3 Nc6 8.O-O O-O
9.f4 f5 10.Nf3 cxd4 11.cxd4 Nb6 12.h3 Bd7 13.g4 Rc8 14.Bd2 Nc4 15.Bxc4 dxc4
16.gxf5 Rxf5 17.Ng3 Qf8 18.Nxf5 Qxf5 19.Kh2 Nb4 20.d5 exd5 21.Bxb4 Qxh3+
22.Kg1 Bxb4 23.Qxd5+ Be6 24.Qe4 Bc5+ 25.Nd4 Qd3  0-1

[Event "ch-UKR Women"]
[Site "ALushta UKR"]
[Date "2004.05.12"]
[Round "9"]
[White "Moskalets,S"]
[Black "Maiko,J"]
[Result "1-0"]
[WhiteElo "2147"]
[BlackElo "2218"]

1.e4 e6 2.d4 d5 3.Nd2 Nc6 4.Ngf3 Nge7 5.c3 dxe4 6.Nxe4 b6 7.Bd3 Bb7 8.Bg5 h6
9.Bh4 Qd5 10.Ned2 O-O-O 11.Be4 Qd7 12.Bxe7 Bxe7 13.Nc4 f6 14.Qc2 Kb8 15.O-O-O Qe8
16.Rhe1 g5 17.g4 Rg8 18.Ne3 Bd6 19.d5 Ne5 20.Nd4 exd5 21.Bxd5 Bxd5 22.Nxd5 Qf7
23.Nf5 Qg6 24.Qa4 Rge8 25.Kb1 Nf3 26.Rxe8 Rxe8 27.Ka1 Re6 28.a3 h5 29.h3 hxg4
30.hxg4 Qf7 31.Nde3 Ne5 32.Nd4 Re8 33.Nb5 Qf8 34.Qxa7+ Kc8 35.Rxd6 Qxd6 36.Nxd6+ cxd6
37.Nd5  1-0

[Event "Trofeo CBA"]
[Site "Milan ITA"]
[Date "2004.05.15"]
[Round "2"]
[White "Drazic,S"]
[Black "Dragojlovic,A"]
[Result "1/2-1/2"]
[WhiteElo "2476"]
[BlackElo "2340"]

1.e4 e6 2.d4 d5 3.Nd2 Nc6 4.Ngf3 Nf6 5.e5 Nd7 6.Bd3 Be7 7.c3 O-O 8.O-O a6
9.Re1 Re8 10.Nf1 Nf8 11.Ng3 Ng6  1/2-1/2

[Event "Rapid Open"]
[Site "Cergy Pontoise FRA"]
[Date "2004.05.16"]
[Round "6"]
[White "Korneev,O"]
[Black "Elbilia,J"]
[Result "1-0"]
[WhiteElo "2573"]
[BlackElo "2293"]

1.e4 e6 2.d4 d5 3.Nd2 Nc6 4.Ngf3 Nf6 5.e5 Nd7 6.Be2 Be7 7.O-O f6 8.exf6 Bxf6
9.c4 O-O 10.Nb3 Kh8 11.Re1 a5 12.a4 dxc4 13.Bxc4 Nb6 14.Bd3 Nd5 15.Be4 Nce7
16.Ng5 Nf5 17.Qh5 Bxg5 18.Bxg5 Nf6 19.Qh3 h6 20.Rad1 Kg8 21.Bxf6 Qxf6 22.Qf3 Ra6
23.Nc5 Rb6 24.b3 Nd6 25.Qxf6 Rxf6 26.Bf3 c6 27.Bg4 Kf7 28.g3 Rb4 29.Re3 Nf5
30.Bxf5 Rxf5 31.Nd3 Rxd4 32.Ne5+ Rxe5 33.Rxd4 Rd5 34.Rf4+ Ke7 35.Ref3 Rf5
36.Rxf5 exf5 37.Rd3 Be6 38.Kf1 Bd5 39.Ke2 Kd6 40.Kd2 Kc5 41.Kc3 b5 42.Re3 b4+
43.Kb2 Be4 44.f3 Kd4 45.fxe4 fxe4 46.Re1 Kd3 47.Rd1+ Ke2 48.Rd7 e3 49.Kc2 c5
50.Rxg7  1-0

[Event "TCh-NOR Final"]
[Site "Trondheim NOR"]
[Date "2004.05.19"]
[Round "1"]
[White "Vea,O"]
[Black "Gundersen,H"]
[Result "1/2-1/2"]
[WhiteElo "2031"]
[BlackElo "2245"]

1.e4 e6 2.d4 d5 3.Nd2 Nc6 4.Ngf3 Nf6 5.e5 Nd7 6.c3 f6 7.exf6 Qxf6 8.Nb3 Bd6
9.Bg5 Qf7 10.Bh4 Qh5 11.Qc2 O-O 12.Bg3 Bxg3 13.fxg3 e5 14.Be2 e4 15.Nfd2 Qh6
16.Nf1 Nf6 17.Qd2 Qxd2+ 18.Kxd2 a5 19.a4 b6 20.Ne3 Ne7 21.Rhf1 Bd7 22.g4 h6
23.h4 Nh7 24.c4 Rxf1 25.Bxf1 dxc4 26.Bxc4+ Kh8 27.Bb5 Be6 28.Bc4 Bxc4 29.Nxc4 Rf8
30.Ke2 Nd5 31.Ne5 Kg8 32.g3 Re8 33.Rf1 c5 34.Rf5 cxd4 35.Nxd4 Nhf6 36.g5 Nh5
37.Kf2 e3+ 38.Kf3 e2 39.Nxe2 Ne7 40.Kg4 Nxf5 41.Kxf5 hxg5 42.hxg5 g6+ 43.Ke4 Kh7
44.g4 Ng7 45.Nf4 Rc8 46.Nd5 Ne6 47.Nxb6 Rc2 48.Nbc4 Nc5+ 49.Kd5 Nxa4 50.b3 Nc3+
51.Ke6 a4 52.bxa4 Nxa4 53.Nd6 Rf2 54.Ne4 Re2  1/2-1/2

[Event "29th Elekes Mem GM"]
[Site "Budapest HUN"]
[Date "2004.05.20"]
[Round "6"]
[White "Medvegy,N"]
[Black "Galyas,M"]
[Result "1/2-1/2"]
[WhiteElo "2367"]
[BlackElo "2441"]

1.e4 e6 2.d4 d5 3.Nd2 Be7 4.Bd3 c5 5.dxc5 Nf6 6.Qe2 O-O 7.Ngf3 a5 8.a4 Na6
9.e5 Nd7 10.c3 Naxc5 11.Bc2 f6 12.exf6 Bxf6 13.O-O e5 14.Rd1 e4 15.Ne1 Ra6
16.Nb3 Rd6 17.Bf4 Be5 18.Bxe5 Nxe5 19.Nxc5 Qh4 20.g3 Qh3 21.Nxe4 Rh6 22.f4 dxe4
23.Rd2 Be6 24.Bxe4 Bc4 25.Qg2 Qxg2+ 26.Bxg2 Nc6 27.Nf3 Re6 28.Re1 Rxe1+ 29.Nxe1 Re8
30.Kf2 Kf8 31.Bxc6 bxc6 32.Nf3 Bb3 33.Rd4 c5 34.Rd6 Bxa4 35.Ne5 Rb8 36.Rd2 Be8
37.Ke3 a4 38.Kd3 Bb5+ 39.Ke4 Ke7 40.g4 Be8 41.h4 Rb3 42.Rc2 a3 43.bxa3 Rxa3
44.Kd5 c4 45.Kd4 Ra1 46.Re2 Kf8 47.Nxc4 Bb5 48.Re4 Bc6 49.Re5 Rf1 50.Rf5+ Ke7
51.Ne3 Rf2 52.Nd5+ Ke6 53.c4 Rg2 54.Re5+ Kf7 55.Ne3 Rg1 56.Kc5 Bf3 57.g5 Rh1
58.Nf5 g6 59.Nd6+ Kg7 60.Re7+ Kg8 61.f5 gxf5 62.Nxf5 Bh5 63.Re4 Ra1 64.Rf4 Ra8
65.Kd6 Ra6+ 66.Kc7 Ra7+ 67.Kb6 Ra4 68.Nd6 h6 69.Kb5 Ra1 70.gxh6 Kh7 71.c5 Be2+
72.Kb6 Rb1+ 73.Kc7 Kxh6 74.c6 Kh5 75.Kd7 Bg4+ 76.Nf5 Rb5 77.Ke6 Rc5 78.c7 Rxc7
79.Kd6 Rc1  1/2-1/2

[Event "Victor Syre Open"]
[Site "Issy les Moulineaux FRA"]
[Date "2004.05.20"]
[Round "1"]
[White "Schott,R"]
[Black "Nguyen Chi Minh"]
[Result "0-1"]
[WhiteElo "2112"]
[BlackElo "2364"]

1.e4 e6 2.d4 d5 3.Nd2 Be7 4.Ngf3 Nf6 5.e5 Nfd7 6.Bd3 c5 7.c3 Nc6 8.O-O g5
9.dxc5 Nxc5 10.Bb5 Qb6 11.Nd4 a6 12.Bxc6+ bxc6 13.N2b3 Nd7 14.Qh5 Nxe5 15.Bxg5 Ng6
16.Bxe7 Nxe7 17.Rae1 c5 18.Nf5 exf5 19.Re5 Be6 20.Rfe1 O-O-O 21.c4 Nc6 22.Rxe6 fxe6
23.Rxe6 dxc4 24.Qxf5 Kb8 25.Qf3  0-1

[Event "TCh-NOR Final"]
[Site "Trondheim NOR"]
[Date "2004.05.21"]
[Round "3"]
[White "Vea,O"]
[Black "Hammerstad,A"]
[Result "0-1"]
[WhiteElo "2031"]
[BlackElo "2216"]

1.e4 e6 2.d4 d5 3.Nd2 Be7 4.Ngf3 Nf6 5.e5 Nfd7 6.Nb3 c5 7.Nxc5 Nxc5 8.dxc5 Bxc5
9.Bd3 Nd7 10.O-O f6 11.Re1 O-O 12.Be3 Be7 13.Ng5 fxg5 14.Qh5 h6 15.Qg6 Nxe5
16.Qh7+ Kf7 17.Bd4 Nxd3 18.Qxg7+ Ke8 19.cxd3 b6 20.Qg6+ Rf7 21.Re3 Bc5 22.Rf3 Qe7
23.Bf6 Qf8 24.d4 Bd6 25.Re1 Bd7 26.Rh3 Be7 27.Be5 Bd6 28.Rxh6 Bxe5 29.dxe5 Kd8
30.Rc1 Rc8 31.Qxg5+ Ke8 32.Rxc8+ Bxc8 33.Qh5 Kd7 34.Rh8 Qe7 35.Qg4 Kc7 36.Qa4 Kb7
37.h4 Qc5  0-1

[Event "TCh-NOR Final"]
[Site "Trondheim NOR"]
[Date "2004.05.22"]
[Round "4"]
[White "Sagafos,M"]
[Black "Ekeberg,C"]
[Result "1/2-1/2"]
[WhiteElo "2214"]
[BlackElo "2252"]

1.e4 e6 2.d4 d5 3.Nd2 Be7 4.Ngf3 Nf6 5.Bd3 c5 6.e5 Nfd7 7.c3 Nc6 8.b3 Qb6
9.Bb2 cxd4 10.cxd4 g5 11.h3 h5 12.Kf1 Nf8 13.g3 Bd7 14.Kg2 O-O-O 15.a3 Rg8
16.g4 f5 17.exf6 Bxf6 18.Rc1 Kb8 19.Qc2 Be8 20.Qc5 Qc7 21.Ne5 Bxe5 22.dxe5 Nd7
23.Qd6 Qxd6 24.exd6 Nde5 25.Bh7 Rh8 26.Bb1 Rf8 27.Rhe1 Nf7 28.Rxe6 Rxd6 29.Rxd6 Nxd6
30.Nf3 hxg4 31.hxg4 Bd7 32.Ne5 Kc7 33.Nxd7 Kxd7 34.Rd1 Ke6 35.Re1+ Kd7 36.Bc1 Rg8
37.Rh1 Nd4 38.Rh5 Ne6 39.Rh7+ Kc6 40.Rh6 Kd7 41.Rh7+ Kc6 42.Rh6 Kd7 43.b4 Rg7
44.Bf5 Nxf5 45.gxf5 Nd8 46.Rg6 Rf7 47.Rxg5 Nc6 48.Bb2 a6 49.Kf3 d4 50.Kf4 Kd6
51.Rg8 Kd5 52.Kg5 Rxf5+ 53.Kxf5 Ne7+ 54.Kg5 Nxg8 55.f4 d3 56.Bc1 Kd4 57.Bd2 Ke4
58.Kg6 Kf3 59.Kf7 Nh6+ 60.Ke6 Ke2 61.Bc3 d2 62.Bxd2 Kxd2 63.Kd6 Kc3 64.Kc7 b5
65.Kb6 Kb3 66.Kxa6 Ka4 67.Kb6 Nf5 68.Kc5 Ne3 69.Kd4 Nf5+ 70.Kc5 Ne3 71.Kd4  1/2-1/2

[Event "5th IECC"]
[Site "Antalya TUR"]
[Date "2004.05.24"]
[Round "9"]
[White "Idrizaj,A"]
[Black "Kose,S"]
[Result "1-0"]
[WhiteElo "2249"]
[BlackElo "2244"]

1.e4 e6 2.d4 d5 3.Nd2 Be7 4.Ngf3 Nf6 5.Bd3 O-O 6.O-O c5 7.dxc5 dxe4 8.Nxe4 Nxe4
9.Bxe4 Qxd1 10.Rxd1 Bxc5 11.c3 a5 12.Bf4 f6 13.Bd6 Bxd6 14.Rxd6 Na6 15.Bc2 e5
16.h3 Rb8 17.Rad1 b5 18.Nd2 Bb7 19.Nb3 a4 20.Na5 Nc5 21.Nxb7 Nxb7 22.R6d5 Na5
23.Bxa4 Nc6 24.Rxb5 Ne7 25.c4 Nf5 26.Rd7 Nd4 27.Rxb8 Rxb8 28.c5 h5 29.c6 Kh7
30.c7 Rc8 31.b4 Ne6 32.Bc2+ Kh6 33.Bf5 Nxc7 34.Rf7 Rb8 35.Rxc7 Rxb4 36.Rc2 g6
37.Bd7 f5 38.a4 Rd4 39.Bc6 Rd1+ 40.Kh2 Ra1 41.Be8 Kg7 42.Rc7+ Kf6 43.Rc6+ Ke7
44.Bxg6 Rxa4 45.Bxf5 Rf4 46.Bg6 h4 47.f3 Rd4 48.Be4 Rd2 49.Rh6 Rb2 50.Rxh4 Kf6
51.Rh8 Kg5 52.h4+ Kf4 53.Rf8+ Ke3 54.h5 Kf2 55.f4 Ke3 56.fxe5 Rb5 57.Bf5 Rb4
58.Kg3 Rb7 59.h6  1-0

[Event "3rd ACP Blitz Prelim1"]
[Site "playchess.com INT"]
[Date "2004.05.31"]
[Round "2"]
[White "Baklan,V"]
[Black "Bartel,Mat"]
[Result "1/2-1/2"]
[WhiteElo "2615"]
[BlackElo "2501"]

1.e4 e6 2.d4 d5 3.Nd2 Be7 4.Bd3 c5 5.dxc5 Nd7 6.exd5 exd5 7.b4 a5 8.a3 axb4
9.Bb2 bxa3 10.Bxg7 Bf6 11.Bxh8 Bxh8 12.Ra2 Nxc5 13.Ne2 Be6 14.Nf4 Qg5 15.Nxe6 fxe6
16.O-O Ne7 17.Nf3 Qg4 18.Bb5+ Kf8 19.c4 Ne4 20.Qb3 Bb2 21.Rxb2 axb2 22.Qxb2 Qg7
23.Qc1 Kg8 24.Bd7 Nc5 25.Bb5 b6 26.cxd5 Nxd5 27.Bc6 Nf4  1/2-1/2

[Event "3rd ACP Blitz Prelim3"]
[Site "playchess.com INT"]
[Date "2004.06.02"]
[Round "6"]
[White "Bauer,Ch"]
[Black "Grabuzova,T"]
[Result "1/2-1/2"]
[WhiteElo "2595"]
[BlackElo "2348"]

1.e4 e6 2.d4 d5 3.Nd2 a6 4.Ngf3 c5 5.exd5 exd5 6.dxc5 Bxc5 7.Nb3 Bb6 8.Bg5 Ne7
9.Be2 O-O 10.O-O h6 11.Bh4 Nbc6 12.Nfd4 Nxd4 13.Nxd4 Bxd4 14.Qxd4 Nf5 15.Qxg7+ Kxg7
16.Bxd8 Rxd8 17.Rad1 Be6 18.Rd2 Rac8 19.Rfd1 Rd6 20.Bd3 Ne7 21.c3 Nc6 22.f4 Rcd8
23.h3 Bc8 24.Kf2 Rf6 25.Kg3 Ne7 26.Re2 Nc6 27.Red2 Rdd6 28.Bc2 Bf5 29.Bb3 Be4
30.Bxd5 Rg6+ 31.Kh4 Bxd5 32.Rxd5 Ne7 33.Rxd6 Nf5+ 34.Kh5 Ng3+ 35.Kh4 Nf5+
36.Kh5 Nxd6 37.g4 Ne8 38.Kh4 Rd6 39.Re1 Nf6 40.Re7 Rd7 41.Re2 Nd5 42.Kg3 Kf6
43.Kf3 Re7 44.Rd2 Rd7  1/2-1/2

[Event "3rd ACP Blitz Prelim5"]
[Site "playchess.com INT"]
[Date "2004.06.04"]
[Round "13"]
[White "Pogonina,N"]
[Black "Glek,I"]
[Result "0-1"]
[WhiteElo "2393"]
[BlackElo "2571"]

1.e4 e6 2.d4 d5 3.Nd2 Be7 4.Bd3 c5 5.dxc5 Nf6 6.Qe2 dxe4 7.Nxe4 Nxe4 8.Qxe4 Bxc5
9.Nf3 Nd7 10.O-O Nf6 11.Qe2 O-O 12.Bg5 h6 13.Bh4 Be7 14.Rad1 Qb6 15.c4 Bd7
16.Ne5 Bc6 17.Nxc6 bxc6 18.b3 Rfd8 19.Bb1 a5 20.Qc2 g6 21.Qc3 Rxd1 22.Rxd1 Ng4
23.Bxe7 Qxf2+ 24.Kh1 Qf4 25.Bd6 Nf2+ 26.Kg1 Nxd1 27.Bxf4 Nxc3 28.Bc2 Nxa2
29.Be4 Nb4 30.c5 a4 31.bxa4 Rxa4 32.Bd2 Nd5  0-1

[Event "3rd ACP Blitz Octofinal"]
[Site "playchess.com INT"]
[Date "2004.06.05"]
[Round "1"]
[White "Kobalia,M"]
[Black "Glek,I"]
[Result "1/2-1/2"]
[WhiteElo "2630"]
[BlackElo "2571"]

1.e4 e6 2.d4 d5 3.Nd2 Be7 4.e5 c5 5.Qg4 g5 6.Qh5 Nc6 7.Ndf3 Nxd4 8.Nxd4 cxd4
9.Nf3 Bd7 10.Nxg5 Bxg5 11.Bxg5 Qc7 12.O-O-O Qxe5 13.Qh4 h6 14.Bf4 Qg7 15.Be2 e5
16.Rhe1 exf4 17.Bb5+ Kf8 18.Bxd7 Qg5 19.Qh3 Nf6 20.f3 Rd8 21.Bf5 Kg7 22.Rxd4 Rhe8
23.Rdd1 Re3 24.Kb1 Rde8 25.Rg1 R3e5 26.Bd3 Qh5 27.Qxh5 Nxh5 28.g4 Nf6 29.h4 R8e7
30.a3 Nd7 31.g5 hxg5 32.hxg5 Nc5 33.g6 f5 34.Ka2 R7e6 35.Rg5 Nxd3 36.Rxd3 Rxg6
37.Rh5 Rh6 38.Rg5+ Rg6 39.Rh5 Rh6 40.Rxh6 Kxh6 41.Rb3 Re7 42.Rb4 Kg5 43.Ra4 Kh4
44.Rxf4+ Kg5 45.Rd4 Re3 46.f4+ Kg4 47.Rxd5 Kxf4 48.Rd7 Kg5 49.Rxb7 Re6 50.Rxa7 f4
51.Rg7+ Rg6 52.Rh7 f3 53.Rh1 Rf6 54.a4 f2 55.Rf1 Kg4 56.b4 Kf3 57.Kb3 Ke2
58.Rc1 f1=Q 59.Rxf1 Rxf1 60.Kc4 Ke3 61.a5 Ra1 62.Kb5 Kd4 63.c4 Ke5 64.Kc6 Ra4
65.Kb5 Ra1 66.c5 Kd5 67.Kb6 Ra4 68.b5 Rf4 69.c6 Kd6 70.Kb7 Rf7+ 71.Kb8 Rf8+
72.Kb7 Rf7+ 73.Kb6 Rf8 74.a6 Rb8+ 75.Ka5 Kc5 76.c7 Rc8 77.b6 Kc6 78.b7 Kxc7
79.bxc8=Q+ Kxc8 80.Kb6 Kb8 81.a7+ Ka8 82.Ka6  1/2-1/2

[Event "II Gyorgy Marx Mem IM"]
[Site "Paks HUN"]
[Date "2004.06.10"]
[Round "6"]
[White "Petrienko,V"]
[Black "Sebestyen,Ba"]
[Result "1-0"]
[WhiteElo "2425"]
[BlackElo "2286"]

1.e4 e6 2.d4 d5 3.Nd2 Nc6 4.Ngf3 Nf6 5.e5 Nd7 6.Bb5 a5 7.O-O Ncb8 8.Re1 Be7
9.Nf1 b6 10.c3 Ba6 11.Ba4 c5 12.Be3 O-O 13.Ng3 b5 14.Bc2 Nc6 15.Qd3 g6 16.Bh6 Re8
17.Qe3 Rc8 18.Rac1 b4 19.Qf4 bxc3 20.bxc3 cxd4 21.cxd4 Bf8 22.Bxf8 Nxf8 23.Ba4 Qb6
24.Rb1 Qa7 25.h4 Red8 26.Bxc6 Rxc6 27.Nh5 Rdc8 28.Nf6+ Kg7 29.h5 Bd3 30.Ne8+ Kg8
31.Qf6  1-0

[Event "Todd Southam Mem"]
[Site "Toronto CAN"]
[Date "2004.06.13"]
[Round "1"]
[White "Krupnov,M"]
[Black "Smith,H"]
[Result "1-0"]
[WhiteElo "2361"]
[BlackElo "2051"]

1.e4 e6 2.d4 d5 3.Nd2 Be7 4.Qg4 Nf6 5.Qxg7 Rg8 6.Qh6 dxe4 7.Qe3 Qd5 8.Ne2 c5
9.Nc3 Qxd4 10.Ndxe4 Bd7 11.Nxf6+ Bxf6 12.Nb5 Bxb5 13.Bxb5+ Nd7 14.c3 Qd5
15.Qd3 Qxd3 16.Bxd3 Rxg2 17.Be4 Rg7 18.Bh6 Rg4 19.Bxb7 Rb8 20.Bc6 Ke7 21.Be3 Rxb2
22.Bxd7 Kxd7 23.O-O-O+ Kc6 24.Kxb2 Rc4 25.Rd3 a5 26.Rhd1 a4 27.Kc2 h5 28.Rd6+ Kc7
29.Rd7+ Kc8 30.R1d3 Be5 31.Rxf7 Bxh2 32.Rdd7 Be5 33.Bd2 h4 34.Ra7 Kb8 35.Rae7 Ka8
36.Re8+ Bb8 37.Rff8 h3 38.Rxb8+ Ka7 39.Rbe8 h2 40.Rf7+ Kb6 41.Rxe6+ Ka5 42.Rh7  1-0

[Event "Todd Southam Mem"]
[Site "Toronto CAN"]
[Date "2004.06.13"]
[Round "3"]
[White "Krupnov,M"]
[Black "Thavandiran,S"]
[Result "0-1"]
[WhiteElo "2361"]
[BlackElo "2132"]

1.e4 e6 2.d4 d5 3.Nd2 Be7 4.Bd3 c5 5.exd5 Qxd5 6.Ngf3 cxd4 7.Be4 Qd8 8.Nb3 Nf6
9.Bd3 O-O 10.Nbxd4 e5 11.Nxe5 Qa5+ 12.c3 Qxe5+ 13.Ne2 Bf5 14.Bf4 Qe6 15.Bb5 Rd8
16.Qb3 Qxb3 17.axb3 Bd7 18.Bc4 Bc6 19.O-O Nbd7 20.b4 Nb6 21.Bb3 Bd5 22.Bc2 Bc4
23.Rfe1 Nbd5 24.Be5 Bxe2 25.Rxe2 Bd6 26.Bd4 a6 27.g3 Re8 28.Rd2 Be5 29.Bc5 b6
30.f4 Bxf4 31.gxf4 bxc5 32.bxc5 Nxf4 33.Rd6 Rac8 34.b4 Ne2+ 35.Kf1 Nxc3 36.Raxa6 Ncd5
37.Bb3 Nxb4 38.Rab6 Rb8 39.Ba4 Rec8 40.Rd4 Nbd5 41.Rxb8 Rxb8 42.Bc6 Ne3+
43.Ke2 Nf5 44.Rd2 Kf8 45.Bf3 Ke7 46.c6 Rd8 47.Rb2 Nd4+  0-1

[Event "8th Open"]
[Site "Voronezh RUS"]
[Date "2004.06.15"]
[Round "4"]
[White "Newerovski,G"]
[Black "Simakov,V2"]
[Result "1-0"]
[WhiteElo "2334"]
[BlackElo "2129"]

1.e4 e6 2.d4 d5 3.Nd2 Be7 4.Ngf3 Nf6 5.e5 Nfd7 6.Be2 c5 7.c3 Nc6 8.O-O O-O
9.Re1 f6 10.exf6 Bxf6 11.Nf1 cxd4 12.cxd4 Qb6 13.Be3 Qxb2 14.Ng3 Nb6 15.Nh5 Bd7
16.Nxf6+ Rxf6 17.Qb3 Qxb3 18.axb3 Rff8 19.Rec1 Rfc8 20.Ne5 Nxe5 21.dxe5 Rxc1+
22.Rxc1 Rc8 23.Ra1 Rc3 24.Bd1 Nc8 25.Kf1 Bb5+ 26.Ke1 a6 27.Kd2 Rc6 28.f4 Ne7
29.g4 Rc8 30.h4 Kf7 31.Bf3 Bd7 32.h5 Nc6 33.Rf1 Nb4 34.Bd1 Bb5 35.Rf3 d4
36.Bf2 d3 37.f5 Nc6 38.Bg3 Rd8 39.g5 Rd5 40.g6+ hxg6 41.hxg6+ Kg8 42.f6 Kf8
43.Re3 Nd4 44.Re1 gxf6 45.exf6 Rf5 46.Be5  1-0

[Event "TCh-CRO"]
[Site "Rabac CRO"]
[Date "2004.06.21"]
[Round "1"]
[White "Sermek,D"]
[Black "Bukal,V jr"]
[Result "1-0"]
[WhiteElo "2546"]
[BlackElo "2381"]

1.e4 e6 2.d4 d5 3.Nd2 Be7 4.c3 c5 5.dxc5 Bxc5 6.Nb3 Bb6 7.exd5 exd5 8.Qe2+ Ne7
9.Be3 O-O 10.Bxb6 axb6 11.Qd2 Re8 12.Bb5 Bd7 13.Bxd7 Nxd7 14.Ne2 Ne5 15.Nbd4 Nc4
16.Qc2 Nc6 17.O-O Qf6 18.Rfe1 h5 19.Nf3 h4 20.h3 Re4 21.b3 Nd6 22.Rad1 Rae8
23.Rxd5 Ne5 24.Rxd6 Nxf3+ 25.gxf3 Qxf3 26.Rd3 Qf6 27.Kf1 Qe5 28.Rd4 Rxd4
29.cxd4 Qh2 30.Qc3 Re6 31.Qf3 Rf6 32.Qg2 Qc7 33.Rc1 Qd7 34.Rc3 Qf5 35.d5  1-0